Služebník svého pána : drama v 5 dějstvích /

Hlavní autor: Jeřábek, František Věnceslav, 1836-1893
Jazyk: Čeština
Vydáno: Praha : Zora, 1924
Edice: České divadlo (Zora)
Fyzický popis: 99 s. ; 8°
Knihy
Uloženo v:
LEADER 00811nam a22002412a 4500
001 000966852
003 CZ BrMZK
005 20100224100345.0
007 ta
008 090921s1924 xr er|||||||||||cze d
015 |a cnb000598778 
040 |a ABA001  |b cze  |d BOA001 
100 1 |a Jeřábek, František Věnceslav,  |d 1836-1893  |7 jk01051524  |4 aut 
245 1 0 |a Služebník svého pána :  |b drama v 5 dějstvích /  |c František Věnceslav Jeřábek ; s literární poznámkou Jaromíra Boreckého 
260 |a Praha :  |b Zora,  |c 1924 
300 |a 99 s. ;  |c 8° 
490 1 |a České divadlo ;  |v sv. 47 
830 0 |a České divadlo (Zora)  |0 s 
910 |a BOA001  |b 1-0482.329 
990 |a BK 
993 |a Y 
991 |b 200909 
996 6 |b 2619339967  |c 1-0482.329  |l MZK  |r Sklad / do 1 hodiny  |n 5  |w 000966852  |u 000010  |a 1  |e BOA001  |j MZK50  |s P